Wird geladen...

Feng shuei: jeevithavijayathinu

Bibliographische Detailangaben
1. Verfasser: Jayan Bilathikkulam; Author
Format: Printed Book
Veröffentlicht: Kozhikkode, Pappiyon 2009
Schlagworte:
LEADER 006090000a22002050004500
040 |a MAL 
082 |a 133.333 7 32P5 
100 |a Jayan Bilathikkulam; Author 
245 |a Feng shuei: jeevithavijayathinu 
250
260 |a Kozhikkode, Pappiyon  |e 2009 
260 |c 2009 
460 |a 180p 
465 |a Rs.90.00 
500 |a Jayan Bilathikkulam 
650 |a Astrological geomancy 
650 |a Feng-shui 
650 |a Geomancy-China 
999 |c 41654  |d 41654 
952 |0 0  |1 0  |4 0  |6 133_333000000000000_7_32P5  |7 0  |8 MAL  |9 42243  |a MGUL  |b MGUL  |d 2013-07-16  |e Rs.90.00  |l 0  |o 133.333 7 32P5  |p 40147  |r 2013-07-16  |w 2013-07-16  |y BK